Shakespeare’s Sonnets
Guardat en:
| Autor principal: | |
|---|---|
| Format: | Llibre |
| Idioma: | anglès |
| Publicat: |
Yale University Press
1977
|
| Etiquetes: |
Afegir etiqueta
Sense etiquetes, Sigues el primer a etiquetar aquest registre!
|
MARC
| LEADER | 00000nam a22000007a 4500 | ||
|---|---|---|---|
| 008 | 210126b ||||| |||| 00| 0 eng d | ||
| 100 | |a SHAKESPEARE, William, 1564 -1616 | ||
| 245 | |a Shakespeare’s Sonnets |c william Shakespeare, edited with analytic commentary by Stephen Booth | ||
| 250 | |c Booth Stephen | ||
| 260 | |b Yale University Press |c 1977 |h New Haven |i 187014 |l PR2848 .A2B64 | ||
| 942 | |a lcc |c BK |e O.A.JOHNSON |f 26/01/21 | ||
| 952 | |0 0 |1 0 |2 lcc |4 0 |6 PR2848 A2 B64 |7 0 |9 1816 |a HOL |b HOL |c LP |d 2021-01-26 |l 0 |o PR2848 .A2B64 |p 2021-5689 |r 2021-01-26 00:00:00 |w 2021-01-26 |y BK | ||
| 999 | |c 955 |d 955 | ||